Procedimiento penal colombiano / (Registro nro. 7292)
[ vista simple ]
| 000 -LEADER | |
|---|---|
| fixed length control field | 02044cam a2200253 a 4500 |
| 001 - CONTROL NUMBER | |
| control field | 13300839 |
| 003 - CONTROL NUMBER IDENTIFIER | |
| control field | OSt |
| 005 - DATE AND TIME OF LATEST TRANSACTION | |
| control field | 20210223115218.0 |
| 008 - FIXED-LENGTH DATA ELEMENTS--GENERAL INFORMATION | |
| fixed length control field | 030805s2002 ck 001 0 spa |
| 010 ## - LIBRARY OF CONGRESS CONTROL NUMBER | |
| LC control number | 2003480791 |
| 020 ## - INTERNATIONAL STANDARD BOOK NUMBER | |
| International Standard Book Number | 9583503754 |
| 040 ## - CATALOGING SOURCE | |
| Original cataloging agency | DLC |
| Transcribing agency | CO-JMCR |
| Modifying agency | DLC |
| 041 0# - LANGUAGE CODE | |
| Language code of text/sound track or separate title | spa |
| 082 04 - DEWEY DECIMAL CLASSIFICATION NUMBER | |
| Classification number | 345.86105 |
| Item number | M386p |
| Edition number | 23 |
| 100 1# - MAIN ENTRY--PERSONAL NAME | |
| Personal name | Martínez Rave, Gilberto. |
| Relator term | autor |
| 9 (RLIN) | 10176 |
| 245 10 - TITLE STATEMENT | |
| Title | Procedimiento penal colombiano / |
| Statement of responsibility, etc. | Gilberto Martínez Rave. |
| 250 ## - EDITION STATEMENT | |
| Edition statement | Duodécima edición |
| 260 ## - PUBLICATION, DISTRIBUTION, ETC. | |
| Place of publication, distribution, etc. | Bogotá, Colombia : |
| Name of publisher, distributor, etc. | Editorial Temis, |
| Date of publication, distribution, etc. | 2002. |
| 300 ## - PHYSICAL DESCRIPTION | |
| Extent | xxx, 870 páginas ; |
| Dimensions | 23 cm. |
| 500 ## - GENERAL NOTE | |
| General note | Incluye índices. |
| 505 0# - FORMATTED CONTENTS NOTE | |
| Formatted contents note | Lucha contra la criminalidad -- Objeto, fines, principios rectores y formas del proceso -- Fuentes de derecho procesal penal -- Relaciones y diferencias entre el procedimiento penal y el procedimiento civil -- Delitos y contravenciones -- Acciones que nacen del delito -- De los perjuicios colectivos en el procedimiento penal -- Sujetos procesales -- La víctima de los delitos en al normatividad colombiana -- La prejudicialidad -- Impedimentos y recusaciones -- Policía judicial -- Funcionarios de instrucciones -- Iniciación de la instrucción la investigación previa -- Providencias judiciales y notificaciones -- Recursos ordinarios -- Términos -- Ineficacia de los actos procesales -- Terminación anticipada del proceso penal -- la conciliación y el pago de indemnización integral -- Privación de la libertad -- La prueba en el procedimiento penal -- De la declaración indagatoria interrogatorios -- Calificación del proceso -- Segunda etapa del proceso penal.la causa y juicio -- Las audiencias preparatoria y pública -- De la sentencia -- Recursos extraordinarios -- Vigencia de la ley 600 de 2000 inexequibilidad de algunas de sus normas -- Procedimientos penales -- Daños y perjuicios ocasionados con el delito y su evaluación -- La indemnización de perjuicio frente a las pensiones y los seguros |
| 650 24 - SUBJECT ADDED ENTRY--TOPICAL TERM | |
| Topical term or geographic name entry element | Procedimiento penal |
| Geographic subdivision | Colombia. |
| 9 (RLIN) | 8846 |
| 942 ## - ADDED ENTRY ELEMENTS (KOHA) | |
| Source of classification or shelving scheme | Dewey Decimal Classification |
| Koha item type | Books |
| Withdrawn status | Lost status | Source of classification or shelving scheme | Damaged status | Not for loan | Home library | Current library | Shelving location | Date acquired | Source of acquisition | Total Checkouts | Full call number | Barcode | Date last seen | Copy number | Price effective from | Koha item type |
|---|---|---|---|---|---|---|---|---|---|---|---|---|---|---|---|---|
| Dewey Decimal Classification | Biblioteca Pública José María del Castillo y Rada | Biblioteca Pública José María del Castillo y Rada | General Stacks | 10/02/2020 | Donación | 345.86105 / M386p | 201810585 | 05/16/2024 | Ej.1 | 10/02/2020 | Books |